=LDR 00000nam 2200000 4500 =001 INLIS000000000042005 =005 20130612151515 =008 ***********************************ind** =035 ##$$0010-061300000042005 =041 ##$$a ind =082 ##$$a 530.07 =090 ##$$a 530.07, Sul i =100 ##$$a Sulistyo =245 ##$$a Intisari fisika untuk SMA, Sulistyo, P. setyono =260 ##$$a 2006 $b Bandung =300 ##$$a 519 hlm, 18 cm =650 ##$$a FISIKA - STUDI DAN PENGAJARAN =700 ##$$a P. Setyono =850 ##$$a NBPNMAT